000 00476nam a22001817a 4500
005 20230915161128.0
008 230915b |||||||| |||| 00| 0 eng d
020 _a9780470661123
082 _a657.450
_bCol-I
100 _aCollings steven
245 _aInterpretation and application of international standards on auditing
260 _aUK
_bWILY
_c2011
300 _a634
500 _aIncludes Index
650 _aManagement
700 _aSteven collings
999 _c33584
_d33584